000 00606nam a2200241 a 4500
003 AR-BaBNM
005 20251128204308.0
008 082120s2002 ||||||||||||||000 | spa||
040 _cAR-BaBNM
100 1 _aBenarós, León
245 0 0 _aEl río de los años
260 _aBuenos Aires
_bEmecé
_c1964
300 _a91 p.
490 0 _aSelección Emecé de obras contemporáneas
650 4 _aLITERATURA ARGENTINA
650 4 _aPOESIA
650 4 _aESCRITORES
650 4 _aLITERATURA CONTEMPORANEA
653 _aINFLUENCIA CLASICA
655 _aLITERATURA
942 _cBK
998 _cMARTIN
999 _c6909
_d6909